Southville International School and Colleges
Your cart is empty.
  • Cart
  • Lists
    Public lists Eva Luna New books Lux_list list_1
    Your lists Log in to create your own lists
  • Log in to your account
  • Your cookies
  • Search history
Southville International School and Colleges
  • Advanced search
  • Recent comments
  • Most popular
  • Libraries

Log in to your account

Log in with GOOGLE


If you do not have an external account, but do have a local account, you can still log in:

  1. Home
  2. MARC view: Oscar Otter /
Normal view MARC view ISBD view

Oscar Otter / (Record no. 111714)

[ view plain ]
MARC details
000 -LEADER
fixed length control field 00484nam a2200169 a 4500
001 - CONTROL NUMBER
control field 2164
005 - DATE AND TIME OF LATEST TRANSACTION
control field 20140414131920.0
008 - FIXED-LENGTH DATA ELEMENTS--GENERAL INFORMATION
fixed length control field 010320s19uu xx 00 eng d
050 ## - LIBRARY OF CONGRESS CALL NUMBER
Classification number ER
Item number Os1 1996
100 ## - MAIN ENTRY--PERSONAL NAME
Personal name Benchley, Nathaniel
245 ## - TITLE STATEMENT
Title Oscar Otter /
Statement of responsibility, etc by Nathaniel Benchley ; illustrations by Arnold Lobel.
260 ## - PUBLICATION, DISTRIBUTION, ETC. (IMPRINT)
Place of publication, distribution, etc Columbus, Ohio :
Name of publisher, distributor, etc Weekly Reader Books,
Date of publication, distribution, etc 1966.
300 ## - PHYSICAL DESCRIPTION
Extent 64 p. : ill. ; cm.
440 ## - SERIES STATEMENT/ADDED ENTRY--TITLE
Title I Can Read Book
650 ## - SUBJECT ADDED ENTRY--TOPICAL TERM
Topical term or geographic name as entry element Reading.
Holdings
Withdrawn status Lost status Damaged status Use restrictions Home library Current library Shelving location Date acquired Source of acquisition Total Checkouts Full call number Barcode Date last seen Price effective from Koha item type
        Munich Library Munich Library Easy Reading Section 05/26/2005     ER Os1 1996 M2587 04/14/2014 04/14/2014 Books

Oscar Otter /

APA

Benchley N., . (1966). Oscar Otter. Columbus, Ohio: Weekly Reader Books.

Chicago

Benchley Nathaniel, . 1966. Oscar Otter. Columbus, Ohio: Weekly Reader Books.

Harvard

Benchley N., . (1966). Oscar Otter. Columbus, Ohio: Weekly Reader Books.

MLA

Benchley Nathaniel, . Oscar Otter. Columbus, Ohio: Weekly Reader Books. 1966.

  • Place hold
  • Print
  • Cite
  • Add to your cart (remove)
  • Save record
    BIBTEX Dublin Core MARCXML MARC (non-Unicode/MARC-8) MARC (Unicode/UTF-8) MARC (Unicode/UTF-8, Standard) MODS (XML) RIS
  • More searches
    Search for this title in:
    Other Libraries (WorldCat) Other Databases (Google Scholar) Online Stores (Bookfinder.com) Open Library (openlibrary.org)

Exporting to Dublin Core...

SOUTHVILLE LIBRARY

Southville International School and Colleges Library

1281 Tropical Ave. Cor. Luxembourg St., BF Homes International, Las Pinas City

Tel. No. 8256374 / 252358 Loc. 117/146

Powered by Koha